Estatísticas para Músicas da Marília Mendonça

Clique aqui para jogar o quiz

Estatísticas Gerais

  • Esse quiz foi jogado 70 vezes
  • A pontuação média é 19 de 93

Estatísticas das Respostas

ÁlbumMúsicaVisualizações% Correto
PerfilInfiel581M
82%
RealidadeAmante Não Tem Lar432M
52%
PerfilAlô Porteiro429M
48%
PerfilEu Sei de Cor529M
45%
RealidadeEu Sei de Cor529M
45%
Todos os
Cantos
Supera446M
42%
Todos os
Cantos
Bebaça248M
40%
Patroas 35%Esqueça-me Se For Capaz156M
40%
Patroas 35%Presepada199M
40%
Todos os
Cantos
Sem Sal212M
40%
Todos os
Cantos
Todo Mundo Vai Sofrer448M
40%
Todos os
Cantos
Ciumeira477M
39%
PerfilDe Quem é A Culpa?498M
39%
RealidadeDe Quem é a Culpa?498M
39%
PerfilEstranho510M
39%
Todos os
Cantos
Apaixonadinha356M
34%
Todos os
Cantos
Bebi Liguei515M
34%
Nosso Amor
Envelheceu
Troca de Calçada207M
34%
Todos os
Cantos
Bem Pior Que Eu599M
32%
Patroas 35%Motel Afrodite99M
31%
PerfilAusência325M
29%
Todos os
Cantos
Intenção390M
29%
Todos os
Cantos
Serenata178M
29%
Patroas 35%Todo Mundo Menos Você200M
29%
PerfilComo Faz Com Ela270M
27%
PatroasCoração Bandido360M
27%
Decretos ReaisTe Amo Demais39M
27%
PerfilFolgado198M
24%
Ao VivoMeu Cupido é Gari138M
24%
PerfilO Que Falta Em Você Sou Eu244M
24%
Todos os
Cantos
Bye Bye223M
21%
Nosso Amor
Envelheceu
Deprê121M
21%
Todos os
Cantos
Passa Mal219M
21%
PerfilSentimento Louco273M
21%
Todos os
Cantos
Casa da Mãe Joana243M
19%
Patroas 35%Fã Clube81M
19%
Ao Vivo4 e 15175M
18%
Ao VivoEsse Cara Aqui do Lado126M
18%
Todos os
Cantos
Love à Queima Roupa115M
18%
PatroasQuero Você do Jeito Que Quiser252M
18%
RealidadeTraição Não Tem Perdão220M
18%
Todos os
Cantos
Obrigado Por Estragar Tudo202M
16%
RealidadeSaudade do Meu Ex24M
16%
RealidadeEi Saudade52M
15%
Ao VivoEntre Quatro Paredes101M
15%
RealidadeMudou a Estação103M
15%
Decretos ReaisNão Era Pra Ser Assim12M
15%
PerfilPerto de Você154M
15%
RealidadePerto de Você154M
15%
Nosso Amor
Envelheceu
Rosa Embriagada34M
15%
Todos os
Cantos
Sabiá11M
15%
Decretos ReaisSendo Assim7.7M
15%
PatroasUma Vida a Mais98M
15%
RealidadeA Gente Não Se Aguenta31M
13%
Todos os
Cantos
Amigo Emprestado67M
13%
Ao VivoHoje Somos Só Metade71M
13%
Patroas 35%Não Sei o Que Lá102M
13%
RealidadeOlha Só Você49M
13%
Todos os
Cantos
Abandono de Incapaz76M
11%
RealidadeA Gente Não Tá Junto44M
11%
RealidadeAté o Tempo Passa45M
11%
Ao VivoA Voz do Coração5.5M
11%
PatroasDez Corações33M
11%
Ao VivoEssas Nossas Brigas138M
11%
Nosso Amor
Envelheceu
Foi Por Conveniência62M
11%
Ao VivoImpasse240M
11%
Decretos ReaisMuito Estranho7.7M
11%
PatroasNada Mudou56M
11%
RealidadeNão Casa Não108M
11%
RealidadeNem Foi e Já Voltou42M
11%
RealidadeSe Ame Mais72M
11%
Ao VivoSilêncio99M
11%
Decretos ReaisTe Amo, Oque Mais Posso Dizer5.4M
11%
Patroas10 de Setembro2,8M
10%
PatroasCara ou Coroa16M
10%
RealidadeEu Não Sou Novela17M
10%
Ao VivoMe Desculpe, Mas Eu Sou Fiel98M
10%
Nosso Amor
Envelheceu
Nosso Amor Envelheceu20M
10%
Patroas 35%Para de Me Chamar Pra Trair21M
10%
PatroasA Solidão é Uma Ressaca14M
8%
PatroasCheiro de Shampoo3.6M
8%
PatroasNão Aprendi a Dizer Adeus16M
8%
PatroasPaixão Goiana723K
8%
RealidadePor Mais Três Horas26M
8%
RealidadeSofrendo Por Três30M
8%
PatroasVocê Nem é Tudo Isso79M
8%
PatroasAssunto Delicado582K
6%
PatroasNuvem de Lágrimas149K
6%
PatroasDeixa Eu Te Amar257K
5%
PatroasTe Quero Pra Mim1.5M
5%
PatroasNo Dia Em Que Eu Saí de Casa17M
3%
PatroasSó Pensando em Você3.5M
3%
Ao VivoO Que é o Amor Pra Você163M
2%

Distribuição das Pontuações

Percentil de Números Respondidos

Porcentagem de Pessoas com Cada Pontuação

Sua Pontuação Histórica

Você não jogou esse quiz